000 00693nam a22002177a 4500
003 UA-OsUOA
001 87402
007 ta
008 20120918b un ||||| |||| 00| 0 ukr d
090 _a94 (47+521)
_bУ -32
942 _cBK
040 _aUA-OsUOA
_bukr
_cUA-OsUOA
_dUA-OsUOA
245 _aИз истории Урала: Урал с древнейших времен до 1971 (Сборник документов и материалов)
300 _a219 с.
955 _a4
041 _aukr
080 _a94 (47+521)
260 _aСвердловськ
_c1971
650 7 _a521 Теоретична астрономія. Небесна механіка
_2UDC
999 _c373704
_d373704